|
|
|
|
| LEADER |
04041nam a22003853i 4500 |
| 001 |
EBC30686273 |
| 003 |
MiAaPQ |
| 005 |
20231204023231.0 |
| 006 |
m o d | |
| 007 |
cr cnu|||||||| |
| 008 |
231204s2022 xx o ||||0 fre d |
| 020 |
|
|
|a 9781800798809
|q (electronic bk.)
|
| 020 |
|
|
|z 9781800798380
|
| 035 |
|
|
|a (MiAaPQ)EBC30686273
|
| 035 |
|
|
|a (Au-PeEL)EBL30686273
|
| 035 |
|
|
|a (OCoLC)1346788142
|
| 040 |
|
|
|a MiAaPQ
|b eng
|e rda
|e pn
|c MiAaPQ
|d MiAaPQ
|
| 100 |
1 |
|
|a Yuming, Lian.
|
| 245 |
1 |
0 |
|a Droit des Données 3. 0 :
|b Perspective Législative.
|
| 250 |
|
|
|a 1st ed.
|
| 264 |
|
1 |
|a Oxford :
|b Peter Lang Ltd. International Academic Publishers,
|c 2022.
|
| 264 |
|
4 |
|c {copy}2022.
|
| 300 |
|
|
|a 1 online resource (494 pages)
|
| 336 |
|
|
|a text
|b txt
|2 rdacontent
|
| 337 |
|
|
|a computer
|b c
|2 rdamedia
|
| 338 |
|
|
|a online resource
|b cr
|2 rdacarrier
|
| 505 |
0 |
|
|a Cover -- Table des matières -- Mot du rédacteur en chef -- Introduction De quel genre de droit des données avons-nous besoin ? -- Chapitre 1 Choix de valeurs dans la législation sur les droits des données -- 1.1 Droits sur les données -- 1.2 Valeurs des droits des données -- 1.3 Équité des intérêts -- 1.4 Altruisme -- 1.5 Ordre numérique -- Chapitre 2 Questions centrales de la législation sur les droits des données -- 2.1 Marché des données et allocation des données -- 2.2 Établissement des droits et des pouvoirs relatifs aux données -- 2.3 Ouverture et partage des données -- 2.4 Circulation et commerce des données -- 2.5 Sécurité et conformité des données -- Chapitre 3 Difficultés de la législation sur les droits des données -- 3.1 Conflits verticaux dans la législation sur les droits des données -- 3.2 Conflits horizontaux dans la législation sur les droits des données -- 3.3 Conflit public-privé dans la législation sur les droits des données -- 3.4 Conflit entre droit de partage et droit à la vie privée -- 3.5 Conflit international dans la législation sur les droits des données -- Chapitre 4 Innovation institutionnelle de la législation sur les droits des données -- 4.1 Système de gestion des données -- 4.2 Système de classification des données -- 4.3 Système de droits et d'intérêts des données -- 4.4 Système de preuves numériques -- 4.5 Système de l'éthique des données -- Chapitre 5 Législation sur les droits des données: une comparaison de modèles -- 5.1 Modèle de législation décentralisée des États-Unis -- 5.2 Modèle de législation unifiée de l'Union européenne -- 5.3 Modèle de législation axé sur la localisation de l'Inde -- 5.4 Modèle de législation intégrale du Japon -- 5.5 Proposition chinoise en matière de législation sur les droits des données -- Conclusion Contemporanéité et rééquilibrage du droit des données -- Postface.
|
| 505 |
8 |
|
|a Annexe I Compilation des interprétations des dispositions du Code civil chinois relatives aux données et aux informations sur le réseau -- Annexe II Index des lois et règlements étrangers relatifs à la protection des données -- Terminologie.
|
| 520 |
|
|
|a Développement et approfondissement du Droit des données 1.0et du Droit des données 2.0, le Droit des données 3.0 : Perspective législativemet l'accent sur les études prospectives de la législation chinoise sur les droits des données.
|
| 588 |
|
|
|a Description based on publisher supplied metadata and other sources.
|
| 590 |
|
|
|a Electronic reproduction. Ann Arbor, Michigan : ProQuest Ebook Central, 2023. Available via World Wide Web. Access may be limited to ProQuest Ebook Central affiliated libraries.
|
| 655 |
|
4 |
|a Electronic books.
|
| 776 |
0 |
8 |
|i Print version:
|a Yuming, Lian
|t Droit des Données 3. 0
|d Oxford : Peter Lang Ltd. International Academic Publishers,c2022
|z 9781800798380
|
| 797 |
2 |
|
|a ProQuest (Firm)
|
| 856 |
4 |
0 |
|u https://ebookcentral.proquest.com/lib/matrademy/detail.action?docID=30686273
|z Click to View
|